000 00289nam a2200109Ia 4500
008 240731s9999 xx 000 0 und d
245 4 _aThe Journal of Photographic Science
260 _bTaylor & Francis
856 _uhttps://www.tandfonline.com/loi/yims19
942 _2ddc
942 _cTFEJ
999 _c80007
_d80007
945 _a1
_bMadushi Gamage
_c1
_dMadushi Gamage